Things found...in the Sky! - Statistics

General Stats
  • This quiz has been taken 969 times
    208 since last reset
  • The average score is 15 of 28
Answer Stats
Hint Answer % Correct
A Airplane
97%
C Clouds
92%
S Sun
83%
B Birds
82%
M Moon
81%
S Stars
77%
R Rain
76%
P Planets (Mercury, Venus, Mars, Jupiter and Saturn are the brightest)
70%
H Helicopter
64%
B Balloons (including hot air)
62%
S Snow
57%
I Insects
50%
K Kites
50%
G Galaxies
49%
D Drones
48%
L Lightning
48%
R Rocket
47%
C Comets
45%
S Satellites (including the International Space Station (habitable satellite))
45%
R Rainbow
44%
G Gliders and Hang Gliders
38%
B Bats
36%
U Unidentified Flying Objects/ Unidentified Aerial Phenomena
34%
F Fireworks
31%
A Aurorae (Aurora Borealis and Aurora Australis)
29%
S (M) Shooting Stars (Meteoroids)
27%
L Lanterns
20%
B Bubbles
12%
No matching quizzes found
Score Distribution
Percent of People with Each Score
Percentile by Number Answered
Your Score History
You have not taken this quiz since the last reset